000
00265nam a2200109Ia 4500
008
200302s9999 xx 000 0 und d
100
_a
John Gollings
245
_a
City of Victory Vijayanagara
260
_b
Aperture Foundation Inc.
260
_c
1991
300
_a
118 P.,
999
_c
968
_d
968